000 01736nam0a2200397 4500
001 RU\NLR\bibl\1162099
005 20260405150711.0
010 _a978-5-94434-094-8
_9300
021 _aRU
_b2007-62399
_93333
035 _a(NLR Aleph) 001148845
090 _a1464661
_c1464661
100 _a20070920d2007 |||y0rusy50 ca
101 0 _arus
102 _aRU
105 _aa |||||||||
200 1 _aГестация и лактация при рецидивирующей и персистирующей угрозе прерывания беременности
_fАмирова Ж.C., Омаров С.-М.А.
210 _aМахачкала
_cИзд-во "Типографии ДНЦ РАН"
_d2007
215 _a200 с.
_cил.
_d21
320 _aБиблиогр.: с. 177-200 (288 назв.)
606 1 _aБеременность
_xПрерывание
_xРиск
_92498262
_3RU\NLR\auth\661481902
606 1 _aЛактация
_xПатология при угрозе прерывания беременности
_92498265
_3RU\NLR\auth\661481903
675 _a618.39-06:618.73
_vudc
686 _a76.29.48
_2rugasnti
686 _aC13.703.039.339 - терапия
_2MeSH
686 _aC13.703.844.506 - этиология
_2MeSH
686 _aC17.800.090.937 - этиология
_2MeSH
686 _aР716.218.2-2
686 _aР712.16
700 1 _aАмирова
_bЖ. С.
_gЖаврият Саидовна
_4070
701 1 _4070
_7ca
_8rus
_aОмаров
_bС.-М. А.
_f1927-
_gСултан-Мурад Асланович
_944900
_3RU\NLR\auth\7761970
801 0 _aRU
_bЦНМБ
_c20070920
_gPSBO
801 1 _aRU
_bЦНМБ
_c20070920
801 2 _aRU
_bNLR
_c20071130
_grcr
942 _cBOOK
980 _aNB